| 000 | 00397nam a2200133Ia 4500 | ||
|---|---|---|---|
| 008 | 231221s9999 xx 000 0 und d | ||
| 020 | _a978-0-387-77324-7 | ||
| 041 | _aEnglish | ||
| 100 | _aErnesto Damiani, Claudio Agostino Ardagna, Nabil El Ioini | ||
| 245 | 0 | _aOpen Source Systems Security Certification | |
| 260 |
_c2009 _bSpringer US _aNew York |
||
| 650 | _aComputer Science | ||
| 942 | _cEB | ||
| 999 |
_c218296 _d218296 |
||